Statistiques concernant Créatures du mondes d'Harry Potter

Cliquez ici pour prendre le quiz!

Statistiques générales

  • Ce quiz a été pris 25 fois
  • Le résultat moyen est 19 sur 95

Statistiques - réponses

Numéro de la créaturesNom des créatures% Correct
12Sombral
76%
44Hippogriffe
71%
DRAGONDRAGON
67%
8Centaure
62%
54Licorne
62%
64Niffleur
52%
4Basilic
48%
24Magyar à pointes
48%
88Troll
48%
6Botruc
43%
69Phénix
43%
23Boutefeu Chinois
38%
57Lutin
38%
26Norvégien à crête
38%
85Strangulot
38%
28Suédois à museau court
38%
39Goule
33%
56Loup-garou
33%
1Acromantule
29%
73Boursouf
29%
CHEVAUX AILESCHEVAUX AILES
29%
18Demiguise
29%
67Occamy
29%
68Oiseau-Tonnerre
29%
29Pansedefer ukrainien
29%
84Sphinx
29%
9Abraxan
24%
21Doxy
24%
38Gnome
24%
89Veracrasse
24%
5Billywig
19%
13Chimère
19%
32Eruptif
19%
33Etres de l'eau
19%
34Farfadet
19%
35Fée
19%
52Fléreur
19%
40Grapcorne
19%
41Griffon
19%
49Kappa
19%
63Mandragor
19%
62Murlap
19%
61Veaudelune
19%
3Augurey
14%
75Chaporouge
14%
47Chartier
14%
16Crabe de feu
14%
17Croup
14%
19Diablotin
14%
20Dirico
14%
36Focifère
14%
48Jobarbille
14%
50Kelpy
14%
59Manticore
14%
25Noir des Hébrides
14%
51Noueux
14%
66Nundu
14%
74Quintaped
14%
2Serpencendre
14%
82Sharak
14%
90Vivet doré
14%
31Erkling
10%
37Grinchebourdon
10%
60Moke
10%
86Musard
10%
72Porlock
10%
79Salamandre
10%
80Serpent cornu
10%
93Vampire
10%
22Antipodean Opaleye
5%
7Bandimon
5%
14Ciseburine
5%
15Clabbert
5%
30Dugbog
5%
10Ethonan
5%
11Gronian
5%
42Hidebehind
5%
43Hippocampe
5%
45Hodag
5%
46Horglup
5%
65Licheur
5%
55Lobalug
5%
58Mackled Malaclaw
5%
53Moremplis
5%
70Plimpy
5%
71Pogrebin
5%
76Re'em
5%
77Rémora
5%
27Romanian Longhorn
5%
78Runespoor
5%
81Serpent de mer
5%
83Snallygaster
5%
87Tébo
5%
91Womatou
5%
92Yéti
5%

Distribution des résultats

Percentile par nombre de réponses

% des personnes avec chaque résultat

Votre développement - résultats

Vous n’avez pas pris ce quiz